Taylor Swift mystery lyrics #96 - Statistics

General Stats
  • This quiz has been taken 45 times
  • The average score is 291 of 342
Answer Stats
Answer % Correct
I
100%
me
100%
the
100%
We
100%
we
100%
a
97%
and
97%
And
97%
That
97%
when
97%
you
97%
He
94%
love
94%
my
94%
My
94%
saw
94%
So
94%
so
94%
to
94%
were
94%
we're
94%
all
91%
be
91%
both
91%
first
91%
in
91%
it
91%
on
91%
story
91%
was
91%
young
91%
did
88%
do
88%
don't
88%
Don't
88%
if
88%
is
88%
Is
88%
It's
88%
it's
88%
out
88%
there
88%
this
88%
This
88%
your
88%
air
84%
can
84%
eyes
84%
for
84%
go
84%
I'll
84%
just
84%
know
84%
say
84%
See
84%
see
84%
what
84%
alone
81%
balcony
81%
But
81%
but
81%
close
81%
ever
81%
feel
81%
flashback
81%
from
81%
I'm
81%
Juliet
81%
make
81%
never
81%
Romeo
81%
said
81%
that's
81%
through
81%
Yes
81%
You'll
81%
you'll
81%
afraid
78%
away
78%
baby
78%
been
78%
begging
78%
'cause
78%
'Cause
78%
dad
78%
have
78%
how
78%
I've
78%
lights
78%
Little
78%
little
78%
of
78%
Please
78%
somewhere
78%
standing
78%
starts
78%
Stay
78%
summer
78%
take
78%
they
78%
we'll
78%
crowd
75%
crying
75%
daddy
75%
got
75%
Hello
75%
knew
75%
Marry
75%
mess
75%
pebbles
75%
save
75%
throwing
75%
waiting
75%
way
75%
come
72%
dress
72%
garden
72%
letter
72%
oh
72%
Oh
72%
party
72%
prince
72%
princess
72%
real
72%
really
72%
run
72%
scarlet
72%
staircase
72%
think
72%
ballgowns
69%
coming
69%
everything
69%
feeling
69%
head
69%
keep
69%
pick
69%
ring
69%
sneak
69%
tired
69%
town
69%
while
69%
white
69%
around
66%
dead
66%
faith
66%
ground
66%
left
66%
met
66%
pulled
66%
quiet
66%
talked
66%
tell
66%
Wondering
66%
difficult
63%
Escape
63%
fading
63%
knelt
63%
outskirts
63%
they're
63%
trying
59%
there's
53%
No matching quizzes found
Score Distribution
Percent of People with Each Score
Percentile by Number Answered
Your Score History
You have not taken this quiz